Religions en Inde - Statistiques

Statistiques générales
  • Ce quiz a été pris 134 fois
  • Le résultat moyen est 4 sur 5
Statistiques - réponses
% Religions % Correct
15,4 Islam
97%
78,9 Hindouisme
95%
0,7 Bouddhisme
85%
2,4 Christianisme
82%
1,7 Sikhisme
31%
Aucun quiz correspondant
Distribution des résultats
% des personnes avec chaque résultat
Percentile par nombre de réponses
Votre historique - résultats
Vous n’avez pas pris ce quiz